| 000 | 01750cam a2200469 a 4500 | ||
|---|---|---|---|
| 001 | sjds1105224 | ||
| 003 | sjds | ||
| 005 | 20170624100153.0 | ||
| 008 | 950816s1996 nyua j 000 1 spa | ||
| 010 | _a 95038530 | ||
| 020 | _a1558585583 (hard) | ||
| 020 | _a9781558585584 (hard) | ||
| 035 | _a154001 | ||
| 035 | _a(OCoLC)33078618 | ||
| 035 | _a154001 | ||
| 040 |
_aDLC _cDLC _dCGP _dIFA _dUtOrBLW |
||
| 041 | 1 |
_aspa _heng _hger |
|
| 049 | _aIFAA | ||
| 099 | _aESPANOL PICTURE BOOKS PFISTER | ||
| 999 |
_c17691 _d17691 |
||
| 999 | _bESPANOL PICTURE BOOKS PFISTER | ||
| 100 | 1 |
_aPfister, Marcus, _eauthor. |
|
| 240 | 1 | 0 |
_aRegenbogenfisch hilft einen Fremdling. _lSpanish |
| 245 | 1 | 3 |
_aEl pez arco iris al rescate! / _cMarcus Pfister ; traducido por Guillermo Gutierrez. |
| 250 | _aFirst Spanish language edition. | ||
| 260 |
_aNew York : _bEdiciones Norte-Sur ; _bDistributed in the U.S. by North-South Books, _c1996. |
||
| 264 | 1 |
_aNew York : _bEdiciones Norte-Sur, _c1996. |
|
| 264 | 2 | _bDistributed in the U.S. by North-South Books. | |
| 300 |
_a1 volume (unpaged) : _bcolor illustrations ; _c30 cm |
||
| 336 |
_atext _btxt _2rdacontent |
||
| 337 |
_aunmediated _bn _2rdamedia |
||
| 338 |
_avolume _bnc _2rdacarrier |
||
| 520 | _aAlthough his friends want to ignore the new striped fish in their midst, Rainbow Fish must decide whether to help him when a shark attacks. | ||
| 526 | 0 |
_aAccelerated Reader _bLG _c3.7 _d0.5 _z16646SP |
|
| 650 | 0 |
_aFishes _vJuvenile fiction. |
|
| 650 | 0 |
_aSharks _vJuvenile fiction. |
|
| 650 | 0 |
_aFriendship _vJuvenile fiction. |
|
| 650 | 7 |
_aPeces _vNovela juvenil. _2bidex |
|
| 650 | 7 |
_aTiburones _vNovela juvenil. _2bidex |
|
| 650 | 7 |
_aAmistad _vNovela juvenil. _2bidex |
|
| 700 | 1 | _aGutiƩrrez, Guillermo. | |
| 942 | _cBK | ||